000 00532nam a2200205 a 4500
001 BRCA_7436
005 20190320205832.0
008 110413s19uu----sp-a######---#000-0#spa-#
041 _aspa
044 _asp
050 4 _aDP402
_b.K73 1900
100 1 _aKsado
_918319
245 1 0 _aEstampas compostelanas
_cpor Ksado.
260 _aMadrid
_bGraf. Villarroca
_c[19--?]
300 _a56 p.
_bil., 56 láminas
500 _aQ181
651 4 _aSantiago de Compostela, España
_xDescripción
_918320
902 _aGFM
942 _2lcc
_cB
999 _c7112
_d7112